=LDR 00000nam 2200000 4500 =001 INLIS000000000057659 =005 20210406102516 =035 ##$$a 0010-0321000090 =007 ta =008 210406################g##########0#ind## =082 ##$$a 2x4.12 =084 ##$$a 2x4.12 RAS b =100 #$$a Rasyid =245 1#$$a Buku pedoman anak sholeh : $b Dilengkapi dengan bacaan sholat desertai do'a sekitar ibadah /$c Rasyid =250 ##$$a Cet.1 =260 ##$$a [Sl] :$b Jawara,$c 1999 =300 ##$$a 213 hlm ; $c 12 x 21 cm =600 #4$$a Anak sholeh =990 ##$$a 152.122/Pb. 2000